000 01641nam0a22003131 4500
001 RU\NLR\19V\934177
005 20260405110200.0
035 _a(NLR Aleph) 005289379
090 _a6174971
_c6174971
100 _a20130325d1846 |||y0rusy50 ca
101 1 _arus
_cfre
102 _aRU
105 _ay z |||a|
200 1 _aГрафиня де-Монриан
_fроман Фридерика Сулие
_aГерцог Де-Гюиз
_eроман Фридерика Сулье
210 _a[Санктпетербург
_d1846]
215 _a864 с. разд. паг.
_d23
309 _aБез тит. л. и обл.
311 _aПрил. к Библиотеке для чтения. - 1846, т. 74-77
316 _aЭкз. РНБ на шифре 1/29 приплетен к журналу Библиотека для чтения, 1846, т. 74-76
_5NLR: 1/29
422 0 _12001#$aБиблиотека для чтения$v1846, т. 74-77
_tБиблиотека для чтения
423 0 _12001#$aПоследний из Колобриеров$eроман Шарля Ребо
_1215##$aС. 115-202 3-й паг., 1-56 4-й паг.
_1700#1$3RU\NLR\AUTH\7747982$7ca$aРебо$bГ.$f1802-1871$gГенриета
_tПоследний из Колобриеров
_aРебо, Генриета (1802-1871)
700 1 _8rus
_7ca
_aСулье
_bФ.
_f1800-1847
_gФредерик
_3RU\NLR\AUTH\7741397
_924345
790 1 _9z01700
_aСулие
_bФ.
_f1800-1847
_gФридерик
801 0 _aRU
_bNLR
_c20130325
_gpsbo
801 1 _aRU
_bNLR
_c20130325
_2rusmarc
801 2 _aRU
_bNLR
_c20130325
_2rusmarc
852 _aNLR
_j1/29
942 _cBOOK
980 _aNB